Filmy z Arnoldem Schwarzeneggerem - Statystyki

Ogólne statystyki
  • Ten quiz został rozwiązany 28 razy
  • Średni wynik to 7 z 15
Statystyki odpowiedzi
Rok Opis Film % Poprawnych
1984 Robot z przyszłości poluje na nienarodzonego przywódcę ludzkiego ruchu oporu Terminator
100%
1982 W czasach prehistorycznych potężny dzikus miażdży swoich wrogów i słyszy lamenty ich kobiet Conan Barbarzyńca
80%
1987 Obcy przybywa na Ziemię, aby polować na żołnierzy sił specjalnych Predator
75%
1985 Emerytowany żołnierz musi uratować porwaną córkę, zabić złych facetów i przy okazji powiedzieć niesamowite slogany Komando
60%
1990 Rozpoczyna się pełna humoru scena, w której twardy policjant zaczyna ukrywać się jako nauczyciel w przedszkolu Gliniarz w przedszkolu
55%
1993 Dzięki magii chłopiec przenosi się do fikcyjnego świata swojego ulubionego bohatera filmowego Bohater ostatniej akcji
45%
1994 Żona nie zdaje sobie sprawy, że jej mąż jest superszpiegiem, ale ostatecznie zostaje uwikłana w tajną operację Prawdziwe kłamstwa
45%
1988 Umięśniony geniusz i drobna kucharka kiedyś dzielili to samo łono Bliźniacy
40%
2010 Gang najemników w wieku emerytalnym realizuje skomplikowane cele militarne Niezniszczalni
40%
1990 Człowiek z wszczepionymi wspomnieniami udaje się na Marsa, aby dać ludziom powietrze Pamięć absolutna
40%
1997 Zamaskowany Krzyżowiec i jego młody towarzysz muszą pokonać lodowatego złoczyńcę Batman i Robin
35%
1994 Cudowny lek pozwala mężczyźnie zajść w ciążę Junior
35%
1987 W przyszłości przestępcy muszą walczyć o swoje życie w makabrycznym teleturnieju Uciekinier
25%
1996 Rozpoczyna się świąteczny śmiech, gdy zdesperowany ojciec próbuje zdobyć wyprzedaną zabawkę Świąteczna gorączka
15%
1996 Marszałek USA pomaga chronić świadków, pozorując ich śmierć Egzekutor
10%
Nie znaleziono quizów pasujących do podanych kryteriów
Rozkład punktacji
Procent ludzi z każdym wynikiem
Percentyl według liczby udzielonych odpowiedzi
Twoja historia wyników
Nie rozwiązałeś tego quizu